[Event "Titled Tuesday intern op 05th Jul Early"]
[Site "Chess.com INT"]
[Date "2022.07.05"]
[Round "4"]
[White "Lawson, Eric"]
[Black "El Jawich, Amro"]
[Result "1-0"]
[WhiteElo "2371"]
[BlackElo "2314"]
[PlyCount "55"]
[EventDate "2022.07.05"]
[EventType "swiss (blitz)"]
[EventRounds "11"]
[EventCountry "USA"]
[SourceTitle "CBM 209 Extra"]
[Source "ChessBase"]
[SourceDate "2022.09.30"]
[SourceVersion "1"]
[SourceVersionDate "2022.09.30"]
[SourceQuality "1"]

1. d4 Nf6 2. Bg5 d5 3. Bxf6 exf6 4. e3 Bd6 5. g3 0-0 6. Bg2 c6 7. Ne2 Bg4 8. Nd2 g6 9. 0-0 Nd7 10. c4 Be6 11. cxd5 cxd5 12. Nc3 Nb6 13. Qb3 Be7 14. a4 a5 15. Nf3 Nc4 16. Rfd1 b6 17. Ne1 Rc8 18. Nd3 Qd7 19. Nf4 Rc7 20. Ncxd5 Bxd5 21. Nxd5 Rcc8 22. Qb5 Qxb5 23. Nxe7+ Kg7 24. axb5 Nxb2 25. Nxc8 Rxc8 26. Rd2 Nc4 27. Rc2 a4 28. Rxa4 1-0

[Event "Titled Tuesday intern op 05th Jul Early"]
[Site "Chess.com INT"]
[Date "2022.07.05"]
[Round "5"]
[White "Sebag, Marie"]
[Black "El Jawich, Amro"]
[Result "1-0"]
[WhiteElo "2447"]
[BlackElo "2314"]
[PlyCount "79"]
[EventDate "2022.07.05"]
[EventType "swiss (blitz)"]
[EventRounds "11"]
[EventCountry "USA"]
[SourceTitle "CBM 209 Extra"]
[Source "ChessBase"]
[SourceDate "2022.09.30"]
[SourceVersion "1"]
[SourceVersionDate "2022.09.30"]
[SourceQuality "1"]

1. d4 Nf6 2. Nf3 d5 3. Bf4 c5 4. c3 Nc6 5. e3 Qb6 6. Qb3 c4 7. Qc2 Bf5 8. Qc1 e6 9. Nbd2 Qd8 10. Be2 Bd6 11. 0-0 0-0 12. Ne5 Bxe5 13. dxe5 Nd7 14. e4 dxe4 15. Nxc4 Qc7 16. h4 b5 17. Ne3 Ndxe5 18. Nxf5 exf5 19. Bxb5 Qe7 20. Rd1 Rfd8 21. Bg5 f6 22. Bf4 a6 23. Bxc6 Nxc6 24. Qc2 Ne5 25. Qb3+ Kh8 26. Bxe5 Qxe5 27. Rxd8+ Rxd8 28. Rd1 Qc7 29. Rxd8+ Qxd8 30. Qe6 Qd1+ 31. Kh2 Qd8 32. Qxf5 Qe8 33. c4 Qb8+ 34. g3 h6 35. b3 Qa8 36. Qd5 Qxd5 37. cxd5 Kg8 38. Kh3 f5 39. g4 f4 40. g5 1-0

[Event "Arab-ch"]
[Site "Dubai"]
[Date "2021.11.27"]
[Round "2"]
[White "El Jawich, Amro"]
[Black "Bellahcene, Bilel"]
[Result "1/2-1/2"]
[WhiteElo "2309"]
[BlackElo "2512"]
[PlyCount "56"]
[EventDate "2021.11.26"]
[EventType "swiss"]
[EventRounds "9"]
[EventCountry "UAE"]
[SourceTitle "CBM 205 Extra"]
[Source "ChessBase"]
[SourceDate "2022.01.31"]
[SourceVersion "1"]
[SourceVersionDate "2022.01.31"]
[SourceQuality "1"]

1. e4 c5 2. f4 e6 3. Nf3 d5 4. Bb5+ Bd7 5. Bxd7+ Qxd7 6. d3 Nc6 7. Qe2 Nge7 8. 0-0 g6 9. Be3 Bg7 10. c3 b6 11. Bf2 0-0 12. Nbd2 Rac8 13. e5 a5 14. Bh4 a4 15. Bf6 a3 16. b3 b5 17. Qf2 Kh8 18. Ng5 Bxf6 19. exf6 Nf5 20. g4 e5 21. gxf5 Qxf5 22. Qh4 h5 23. Qg3 exf4 24. Qxf4 Qxf4 25. Rxf4 Rce8 26. Kf1 Kg8 27. b4 Re3 28. Rf3 Re5 1/2-1/2

[Event "Aley Hariri Rapid Cup"]
[Site "Aley"]
[Date "2021.03.20"]
[Round "2"]
[White "Najjar, Ahmad"]
[Black "El Jawich, Amro"]
[Result "0-1"]
[WhiteElo "2178"]
[BlackElo "2324"]
[PlyCount "84"]
[EventDate "2021.03.20"]
[EventType "tourn (rapid)"]
[EventRounds "11"]
[EventCountry "LBN"]
[SourceTitle "EXT 2022"]
[Source "ChessBase"]
[SourceDate "2021.10.06"]
[SourceVersion "1"]
[SourceVersionDate "2021.10.06"]
[SourceQuality "1"]

1. d4 Nf6 2. Nf3 g6 3. Bf4 Bg7 4. e3 0-0 5. Be2 d6 6. h3 b6 7. 0-0 Bb7 8. c4 Nbd7 9. Nc3 Re8 10. Bh2 e5 11. d5 Rf8 12. Nd2 Ne8 13. e4 f5 14. f4 exf4 15. Bxf4 g5 16. Bg3 f4 17. Bf2 Ne5 18. Nf3 Nxf3+ 19. Bxf3 Nf6 20. Qd3 Nd7 21. Qe2 Ne5 22. Bg4 Bc8 23. Bf3 g4 24. hxg4 Qg5 25. Nb5 Bxg4 26. Bd4 Nxf3+ 27. Rxf3 Bxf3 28. Qxf3 a6 29. Bxg7 Qxg7 30. Nc3 Rae8 31. Rd1 Re5 32. Ne2 Rg5 33. Nd4 Rg3 34. Ne6 Qe5 35. Qf1 f3 36. Rd2 Rf6 37. Rf2 Rxg2+ 38. Rxg2+ fxg2 39. Qe2 Qg3 40. Qxg2 Qxg2+ 41. Kxg2 Rxe6 42. dxe6 Kf8 0-1

[Event "Mersin op 4th"]
[Site "Mersin"]
[Date "2019.11.19"]
[Round "5"]
[White "El Jawich, Amro"]
[Black "Mirzoev, Emil"]
[Result "0-1"]
[WhiteElo "2280"]
[BlackElo "2454"]
[PlyCount "93"]
[EventDate "2019.11.16"]
[EventType "swiss"]
[EventRounds "9"]
[EventCountry "TUR"]
[SourceTitle "CBM 193 Extra"]
[Source "ChessBase"]
[SourceDate "2020.01.31"]
[SourceVersion "1"]
[SourceVersionDate "2020.01.31"]
[SourceQuality "1"]

1. e4 e6 2. d4 d5 3. Nc3 Bb4 4. e5 Qd7 5. a3 Bf8 6. f4 b6 7. Nf3 Ne7 8. Be3 Ba6 9. Bxa6 Nxa6 10. Qe2 Nb8 11. 0-0-0 Nbc6 12. g4 0-0-0 13. Ng5 Qe8 14. Qd3 g6 15. Bf2 Kb7 16. Bh4 Rb8 17. Nf3 h5 18. Bf6 hxg4 19. Bxh8 gxf3 20. Qxf3 Nf5 21. Bf6 Ncxd4 22. Qd3 c5 23. h4 b5 24. h5 c4 25. Qh3 gxh5 26. Kb1 Qd7 27. Rxd4 Nxd4 28. Rd1 Nf5 29. Ne4 Ka8 30. c3 a5 31. Nd6 Bxd6 32. exd6 h4 33. Rg1 Qxd6 34. Be5 Qb6 35. Qg4 Rf8 36. Bf6 Kb7 37. Rd1 b4 38. axb4 Qe3 39. Qg2 Qe4+ 40. Qxe4 dxe4 41. Rg1 Kc6 42. Kc2 e3 43. b5+ Kc5 44. b6 Rb8 45. Rh1 Rxb6 46. Bxh4 Rb3 47. Be1 0-1

[Event "Asia zt 3.1"]
[Site "Amman"]
[Date "2019.06.24"]
[Round "7"]
[White "El Jawich, Amro"]
[Black "Saif, Malek"]
[Result "1-0"]
[WhiteElo "2274"]
[BlackElo "1970"]
[PlyCount "47"]
[EventDate "2019.06.19"]
[EventType "swiss"]
[EventRounds "9"]
[EventCountry "JOR"]
[SourceTitle "CBM 191 Extra"]
[Source "ChessBase"]
[SourceDate "2019.09.30"]
[SourceVersion "1"]
[SourceVersionDate "2019.09.30"]
[SourceQuality "1"]

1. d4 d6 2. e4 g6 3. Nc3 Bg7 4. Be3 Nf6 5. Qd2 Nbd7 6. 0-0-0 c6 7. Bh6 0-0 8. h4 Qa5 9. h5 Re8 10. hxg6 fxg6 11. Bxg7 Kxg7 12. Qh6+ Kg8 13. Nf3 Nf8 14. Bc4+ e6 15. e5 dxe5 16. dxe5 Ng4 17. Qf4 h5 18. Rxh5 gxh5 19. Qg5+ Kf7 20. Qxh5+ Ke7 21. Qxg4 Bd7 22. Qg5+ Kf7 23. Qf6+ Kg8 24. Rh1 1-0

[Event "Asia zt 3.1"]
[Site "Amman"]
[Date "2019.06.22"]
[Round "4"]
[White "Hammoudi, Ali"]
[Black "El Jawich, Amro"]
[Result "0-1"]
[WhiteElo "2156"]
[BlackElo "2274"]
[PlyCount "51"]
[EventDate "2019.06.19"]
[EventType "swiss"]
[EventRounds "9"]
[EventCountry "JOR"]
[SourceTitle "CBM 191 Extra"]
[Source "ChessBase"]
[SourceDate "2019.09.30"]
[SourceVersion "1"]
[SourceVersionDate "2019.09.30"]
[SourceQuality "1"]

1. e4 c5 2. Nf3 Nc6 3. d4 cxd4 4. Nxd4 Nf6 5. Nc3 d6 6. Bg5 e6 7. Qd2 a6 8. Nxc6 bxc6 9. 0-0-0 Be7 10. Bxf6 gxf6 11. Bc4 Bb7 12. Rhe1 Qa5 13. Kb1 h5 14. f4 0-0-0 15. f5 d5 16. exd5 cxd5 17. Bb3 d4 18. Na4 Qxf5 19. Qe2 Kb8 20. Qc4 Qb5 21. Rxd4 Qxc4 22. Rxd8+ Rxd8 23. Bxc4 Bxg2 24. Bxa6 h4 25. c4 Bd6 26. Rd1 0-1

[Event "Beirut Christmas op 20th"]
[Site "Beirut"]
[Date "2018.12.27"]
[Round "4"]
[White "Najjar, Ahmad"]
[Black "El Jawich, Amro"]
[Result "1/2-1/2"]
[WhiteElo "2210"]
[BlackElo "2264"]
[PlyCount "131"]
[EventDate "2018.12.22"]
[EventType "swiss"]
[EventRounds "7"]
[EventCountry "LBN"]
[SourceTitle "CBM 188 Extra"]
[Source "ChessBase"]
[SourceDate "2019.02.26"]
[SourceVersion "1"]
[SourceVersionDate "2019.02.26"]
[SourceQuality "1"]

1. e4 c5 2. d3 Nc6 3. Nf3 g6 4. g3 Bg7 5. Bg2 e6 6. 0-0 Nge7 7. c3 0-0 8. Be3 b6 9. Qd2 d5 10. Na3 dxe4 11. dxe4 Qxd2 12. Nxd2 Ne5 13. h3 Ba6 14. Rfd1 Rad8 15. Bf1 Bxf1 16. Kxf1 f5 17. Bg5 N5c6 18. exf5 exf5 19. Nf3 h6 20. Bxe7 Nxe7 21. Nb5 Nc6 22. Nc7 Kf7 23. Re1 Rd6 24. Rad1 Rxd1 25. Rxd1 Rd8 26. Rxd8 Nxd8 27. Ke2 Nc6 28. Kd3 g5 29. g4 Be5 30. Nd5 Ke6 31. Ne3 Ne7 32. b4 Bf4 33. bxc5 Bxe3 34. fxe3 bxc5 35. Nd2 fxg4 36. hxg4 Nd5 37. Ne4 Ke5 38. Nxc5 Nf6 39. c4 Nxg4 40. Ne4 Nh2 41. Ng3 Nf3 42. a4 g4 43. Ke2 Ng5 44. Kf2 Ne6 45. a5 Nc5 46. Ne2 Nb3 47. a6 Nc5 48. Nd4 Nxa6 49. Nc6+ Kf5 50. Nxa7 Nc5 51. Nb5 h5 52. Nd6+ Kg5 53. Nf7+ Kf6 54. Nd6 h4 55. Ne8+ Ke5 56. Nc7 Ne4+ 57. Kg2 h3+ 58. Kh2 Nd2 59. Nd5 Nxc4 60. Nf4 Nxe3 61. Nxh3 Nf5 62. Nf2 g3+ 63. Kg2 Kf4 64. Nd3+ Ke4 65. Nc5+ Ke3 66. Ne6 1/2-1/2

[Event "Arab-ch"]
[Site "Dubai"]
[Date "2018.12.05"]
[Round "9"]
[White "El Jawich, Amro"]
[Black "Al Qudaimi, Basheer"]
[Result "0-1"]
[WhiteElo "2264"]
[BlackElo "2430"]
[PlyCount "110"]
[EventDate "2018.11.28"]
[EventType "swiss"]
[EventRounds "9"]
[EventCountry "UAE"]
[SourceTitle "CBM 187 Extra"]
[Source "ChessBase"]
[SourceDate "2018.11.04"]
[SourceVersion "1"]
[SourceVersionDate "2018.11.04"]
[SourceQuality "1"]

1. Nf3 c5 2. e3 Nc6 3. d4 d5 4. b3 Bg4 5. Be2 Nf6 6. 0-0 e6 7. Bb2 Be7 8. dxc5 Bxc5 9. Nbd2 0-0 10. c4 Qe7 11. a3 a5 12. cxd5 exd5 13. Ne1 Bf5 14. Ndf3 Rfd8 15. Nc2 Be4 16. Ncd4 Bd6 17. Bd3 Nxd4 18. exd4 Ng4 19. Re1 Re8 20. h3 Nh6 21. Ne5 f6 22. Bxe4 dxe4 23. Nc4 b5 24. Nxd6 Qxd6 25. Rc1 b4 26. Rc5 Nf7 27. a4 Qe7 28. Qc2 Nd6 29. Bc1 g5 30. h4 h6 31. Qe2 Qf7 32. d5 Re5 33. Bb2 Rf5 34. hxg5 hxg5 35. Rd1 Kg7 36. Rc6 Rd8 37. Qg4 Kg6 38. Rc5 Rh8 39. Rc6 Qh7 40. Qh3 Qxh3 41. gxh3 Rd8 42. Bc1 Nf7 43. d6 Ne5 44. Ra6 Nd3 45. Be3 Rd7 46. Rd2 Rd5 47. Rc2 Ne5 48. Kf1 R7xd6 49. Rxd6 Rxd6 50. Rc5 Nf3 51. Ke2 Ng1+ 52. Ke1 f5 53. Rxa5 f4 54. Bc1 Rd3 55. Rb5 Nf3+ 0-1